• 首页
  • 本馆介绍
  • 公告通知
  • 最新文献
  • 馆藏检索
  • 电子资源
  • 读者导购
  • 参考咨询
  • 我的图书馆
  • 登录
  • 详细信息显示
  • 放入我的书架
  • 预约/预借图书
  • 作者相关作品
  • 分类相关作品
  • 丛书相关作品
  • 出版社相关作品

书目信息

  • 表格格式
  • 工作单格式
  • 卡片格式
题名:
最新教育技术应用指南
    
 
作者: 孟燕青 , 王双廷 编著
分册:  
出版信息: 北京   国家行政学院出版社  2012.4
页数: 217页
开本: 24cm
丛书名:
单 册:
中图分类: G43
科图分类:
主题词: 教育技术--指南
电子资源:
ISBN: 978-7-5150-0316-0
000 00713nam0 2200229 45
001 1360534312
005 20130603084822.87
010    @a978-7-5150-0316-0@dCNY27.80
100    @a20130513d2011 ekmy0chiy0120 ea
101 0  @achi
102    @aCN@b110000
105    @ay z 000yy
106    @ar
200 1  @a最新教育技术应用指南@AZui Xin Jiao Yu Ji Shu Ying Yong Zhi Nan@f孟燕青,王双廷编著@FMeng Yan Qing, Wang Shuang Ting Bian Zhu
210    @a北京@c国家行政学院出版社@d2012.4
215    @a217页@d24cm
606 0  @a教育技术@x指南
690    @aG43@v5
701  0 @a孟燕青@AMeng Yan Qing@4编著
701  0 @a王双廷@AWang Shuang Ting@4编著
801    @aCN@bTANGWEI@c20130522
905    @b0834900-05@dG43@e105@f6
    
    最新教育技术应用指南/孟燕青,王双廷编著.-北京:国家行政学院出版社,2012.4
    217页;24cm
    
    
    ISBN 978-7-5150-0316-0:CNY27.80
    
●
相关链接 在E读中查询图书 在五车中查询图书 在当当中查询图书 在豆瓣中查询图书


正题名:最新教育技术应用指南     索取号:G43/105         预约/预借

序号 登录号 条形码 馆藏地/架位号 状态 备注
1 0834900   208349009   第一样本阅览室/ [索取号:G43/105] 在馆    
2 0834901   208349018   教育系资料室/ [索取号:G43/105] 在馆    
3 0834902   208349027   教育系资料室/ [索取号:G43/105] 在馆    
4 0834903   208349036   教育系资料室/ [索取号:G43/105] 在馆    
5 0834904   208349045   第四借阅区/ [索取号:G43/105] 在馆    
6 0834905   208349054   第四借阅区/ [索取号:G43/105] 在馆    
唐山师范学院图书馆 欢迎您!
大连网信软件有限公司© 版权所有